000 00297nam a2200121Ia 4500
005 20251222154433.0
008 251222s9999||||xx |||||||||||||| ||spa||
020 _a978-950-769-161-4
082 _a220.5/S64
245 0 _aSanta Biblia: Nueva Reina - Valera 2000
250 _a19a.ed.
942 _cLIB
999 _c36494
_d36494